Perception of Intercultural Issues and Cultural Differences in Intercultural Workspace – The Example of Austria

Koncept interkultúrneho konfliktu (IK). Analýza výskytu IK v medzinárodnej spoločnosti v Rakúsku a vnímanie kultúrnych rozdielov zamestnancami tejto spoločnosti - výsledky dotazníkového prieskumu.

Na minha lista:
Detalhes bibliográficos
Autor principal: Čiefová, Michaela, 1991-
Formato: Capítulo de Livro
Idioma:inglês
Assuntos:
Tags: Adicionar Tag
Sem tags, seja o primeiro a adicionar uma tag!

MARC

LEADER 00000nla a2200000 4500
001 0243864
005 20240502083653.7
041 0 |a eng 
044 |a HU 
245 1 0 |a Perception of Intercultural Issues and Cultural Differences in Intercultural Workspace – The Example of Austria  |c Michaela Čiefová 
520 |a Koncept interkultúrneho konfliktu (IK). Analýza výskytu IK v medzinárodnej spoločnosti v Rakúsku a vnímanie kultúrnych rozdielov zamestnancami tejto spoločnosti - výsledky dotazníkového prieskumu. 
610 2 0 |a podnik 
610 2 0 |a podnik multinacionálny 
610 2 0 |a kultúra podniková 
610 2 0 |a zamestnanci 
610 2 0 |a pracovisko 
610 2 0 |a konflikty 
610 2 0 |a Rakúsko 
610 2 0 |a Slovensko 
610 2 0 |a sociológia 
610 2 0 |a rozmanitosť kultúrna 
610 2 0 |a zvyklosti kultúrne 
100 1 |a Čiefová, Michaela, 1991-